000 00708nam a2200277Ia 4500
005 20260324114941.0
008 008 260324s9999 xx 000 0 eng d
020 _a9781003032458
037 _aEBOOK
040 _aCRL
040 _beng
040 _cCRL
041 _2eng
041 _aeng
084 _qCRL
100 _aRajshree Srivastava; Sandeep Kautish; Rajeev Tiwari
_91152791
245 0 _aGreen Information and Communication Systems for a Sustainable Future
260 _bTaylor and Francis
260 _c2020
365 _a
365 _b355
856 _uhttp://www.taylorfrancis.com/books/9781003032458
942 _cEBOOK
999 _c1743292
_d1743292